00354nam a22001217a 450000500170000000800410001704000130005808200240007110000180009524500510011326000600016430000080022420180129131135.0180129b xxu||||| |||| 00| 0 eng d cPK-LaUMT aPKAC 297.082bNAE-A aNaeem Siddiqi aAurat : maaraz Kashmakash mein/cNaeem Siddiqi aلاہور:bادارہ معارف اسلامی،c1993 a408